CE ZA AR 2016 : Pätnásty ročník ceny za architektúru : Katalóg CE ZA AR 2016 = Catalogue CE ZA AR 2016 /

Saved in:
Bibliographic Details
Other Authors: Miháliková, Oľga (Editor)
Format: Book
Language:Slovak
Published: Bratislava : Slovenská komora architektov, september 2016
Edition:1. vydanie
Tags: Add Tag
No Tags, Be the first to tag this record!

MARC

LEADER 00000nam a22000003a 4500
001 0117022
003 SK-STU
005 20251001144633.5
007 ta
008 250912s ----xo-----e------000-0-----d
040 |a STU  |b slo 
041 0 |a slo 
044 |a xo 
100 1 |a Miháliková, Oľga  |4 edt 
245 1 0 |a CE ZA AR 2016 : Pätnásty ročník ceny za architektúru :  |b Katalóg CE ZA AR 2016 = Catalogue CE ZA AR 2016 /  |c ed. Oľga Miháliková 
250 |a 1. vydanie 
260 |a Bratislava :  |b Slovenská komora architektov,  |c september 2016 
300 |a 148 s. 
996 |b 284AU10457  |c A* 13626/U  |l AAKNAR  |s A  |a 24  |w 0117022_0001